Broadway Solos, Duets, and Trios Quiz Stats

 Plays Quiz Updated Oct 10, 2014

Challenge
Share
Tweet
Embed
Score 0/24 Timer 07:00
0 Plays Today
Hint Answer % Correct
Hakuna Matata
[The Lion King]
Simba
86.9%
Hakuna Matata
[The Lion King]
Timon
85.2%
Tonight
[West Side Story]
Maria
82%
I'm Not That Girl
[Wicked]
Elphaba
77.2%
A Heart Full of Love
[Les Misérables]
Cosette
72.7%
Hakuna Matata
[The Lion King]
Pumbaa
70.7%
Tonight
[West Side Story]
Tony
69.6%
All I Ask of You
[The Phantom of the Opera]
Christine Daaé
68.1%
A Heart Full of Love
[Les Misérables]
Marius
67.5%
A Heart Full of Love
[Les Misérables]
Éponine
64.6%
Light My Candle
[Rent]
Mimi
54.7%
Nowadays
[Chicago]
Roxie Hart
54.6%
Hint Answer % Correct
Sixteen Going on Seventeen
[The Sound of Music]
Liesl
52.9%
All I Ask of You
[The Phantom of the Opera]
Raoul
52.4%
Nowadays
[Chicago]
Velma Kelly
51.9%
Light My Candle
[Rent]
Roger
50.8%
It Takes Two
[Into the Woods]
Baker
49.1%
The Worst Pies in London
[Sweeney Todd]
Mrs. Lovett
49.1%
It Takes Two
[Into the Woods]
Baker's Wife
48.1%
Sixteen Going on Seventeen
[The Sound of Music]
Rolf
45.5%
Maybe This Time
[Cabaret - Revival]
Sally Bowles
40.1%
Fugue for Tinhorns
[Guys and Dolls]
Nicely-Nicely Johnson
21%
Fugue for Tinhorns
[Guys and Dolls]
Benny Southstreet
12.1%
Fugue for Tinhorns
[Guys and Dolls]
Rusty Charlie
8.6%

You're not logged in!

Compare scores with friends on all Sporcle quizzes.
Join for Free
OR
Log In

You Might Also Like...

Show Comments

Extras

Top Quizzes Today


Score Distribution

Your Account Isn't Verified!

In order to create a playlist on Sporcle, you need to verify the email address you used during registration. Go to your Sporcle Settings to finish the process.

Report this User

Report this user for behavior that violates our Community Guidelines.

Details: